Ethisches Personalmanagement: Entwicklung eines Ethik-Kodexes für Unternehmen

Gespeichert in:
Bibliographische Detailangaben
1. Verfasser: Sievers, Georg, 1967-
Format: Buchkapitel
Sprache:Deutsch
Schlagworte:
Tags: Tag hinzufügen
Keine Tags, Fügen Sie das erste Tag hinzu!

MARC

LEADER 00000naa$a2200000$$$4500
001 0260317
005 20240502074123.4
041 0 |a ger 
044 |a SK 
245 1 0 |a Ethisches Personalmanagement: Entwicklung eines Ethik-Kodexes für Unternehmen  |c Georg Sievers 
610 2 0 |a riadenie ľudských zdrojov 
610 2 0 |a etika 
610 2 0 |a kódexy etické 
610 2 0 |a zodpovednosť spoločenská 
610 2 0 |a zamestnanci 
610 2 0 |a firmy 
610 2 0 |a výhody konkurenčné 
100 1 |a Sievers, Georg, 1967-